000 00436nam a2200181Ia 4500
003 STCL
008 221019s9999 xx 000 0 und d
020 _a9789350236741
040 _aSTCL
_cSTCL
_bEN
082 _222
100 _aConway, Drew
245 0 _aMachine learning for hackers
260 _bShroff Publishers & Distributors
_aMumbai
_c2015
300 _a303 p
365 _b625
546 _aEnglish
942 _cBK
_2DDC
_e22
999 _c87409
_d87409